000 00616nam a2200193Ia 4500
005 20250507130308.0
008 008 250505s9999 xx 000 0 eng d
037 _aSeries Article
040 _aEASL
_beng
_cEASL
041 _aeng
_2eng
084 _qEASL
100 _aLi Hongbin Etc.
_9674272
245 0 _aUnequal Acces to college in China : How Far have Poor, Rural students being left bhind ?
260 _aUK
_bCambridge Cambridge Univesity Press
_c2015
300 _a185-207 Pp.
650 _aChina; China - Higher Education - Rural
_9755127
942 _cSRA
999 _c1318837
_d1318837